| 000 | 01532nam a2200313Ia 4500 | ||
|---|---|---|---|
| 001 | 9780203583951 | ||
| 003 | BD-DhSAU | ||
| 005 | 20151012151721.0 | ||
| 006 | m|||||o||d|||||||| | ||
| 007 | cr|||| | ||
| 008 | 131007s2014 enk ob 001 0 eng d | ||
| 020 | _a9780203583951 (e-book : PDF) | ||
| 040 |
_aBD-DhSAU _cBD-DhSAU |
||
| 090 |
_aHD9999.C9472 _bO37 2014 |
||
| 092 |
_a338.470705 _bO133 |
||
| 100 | 1 | _aO'Brien, Dave. | |
| 245 | 1 | 0 |
_aCultural policy _h[electronic resource] : _bmanagement, value and modernity in the creative industries / _cDave O'Brien. |
| 260 |
_aLondon ; _aNew York : _bRoutledge, _c2014. |
||
| 300 | _a166 p. | ||
| 504 | _aIncludes bibliographical references (p. [141]-158) and index. | ||
| 505 | 0 | _a1. Introduction -- 2. Modernity, government and the social life of methods : defining the context for cultural policy -- 3. Whose culture? : participation and consumption in contemporary life -- 4. 'Beats working for a living' : life in the creative economy -- 5. Changing places : the end of the golden age of culture-led regeneration -- 6. The value of culture : theories of "public value" and cultural organizations -- 7. Conclusion. | |
| 530 | _aAlso available in print edition. | ||
| 538 | _aMode of access: World Wide Web. | ||
| 650 | 0 |
_aCultural industries _xGovernment policy. |
|
| 650 | 0 | _aCultural policy. | |
| 655 | 7 |
_aElectronic books. _2lcsh |
|
| 776 | 1 |
_z9780415817592 (hardback) _z9780415817608 (pbk.) |
|
| 856 | 4 | 0 | _uhttp://www.tandfebooks.com/isbn/9780203583951 |
| 999 |
_c12851 _d12850 |
||